| Поле | Название | Значение |
| |
Тип записи |
a |
| |
Библиографический уровень |
m |
| 001 |
Контрольный номер |
3e1b40d11a174358b9047c07687422e2 |
| 005 |
Дата корректировки |
20140506155429.1 |
| 010 |
Индекс ISBN |
__ |
| d |
Цена |
0.15 |
| 200 |
Заглавие и сведения об ответственности |
__ |
| a |
Заглавие |
Строение и анализ тканей |
| e |
Сведения, относящиеся к заглавию |
Учеб для ПТУ |
| 205 |
Сведения об издании |
__ |
| a |
Основные сведения об издании |
2-е изд., перераб. и доп |
| 210 |
Выходные данные |
__ |
| a |
Место издания |
М. |
| c |
Издательство |
Легпромбытиздат |
| d |
Дата издания |
1988 |
| 215 |
Физическое описание |
__ |
| a |
Объем |
96 |
| 225 |
Серия |
__ |
| a |
Серия |
1 |
| 686 |
Индексы других классификаций |
__ |
| a |
Классификационный индекс |
37.2 |
| 2 |
Код системы |
rubbk |
| 700 |
Автор |
__ |
| a |
Фамилия |
Грановский |
| b |
Имя |
Т.С., Мшвениерадзе А.П. |
| 899 |
Данные о местонахождении |
__ |
| i |
Авторский знак |
Г 77 |
| 938 |
Служебная информация |
__ |
| a |
Название организации |
Волгоградский филиал |
| b |
Имя БД |
Каталог_ВКИ |
| c |
Название АИБС |
АИБС МАРК-SQL |